Nominal exchange rates and nominal interest rate differentials

Guardado en:
Detalles Bibliográficos
Autor principal: Nadal-De Simone, Francisco
Otros Autores: Razzak, W.A
Formato: Libro
Lenguaje:inglés
Publicado: Washington International Monetary Fund 1999
Colección:IMF Working Paper WP/99/141
Materias:
Etiquetas: Agregar Etiqueta
Sin Etiquetas, Sea el primero en etiquetar este registro!

MARC

LEADER 00000nam a2200000 4500
001 c124219
005 20221221083054.4
041 0 |a eng 
044 |a US 
245 1 0 |a Nominal exchange rates and nominal interest rate differentials  |c Prepared by Francisco Nadal-De Simone and W.A. Razzak 
264 1 |a Washington  |b International Monetary Fund  |c 1999 
300 |a 41 s. 
490 1 |a IMF Working Paper  |v WP/99/141 
830 0 |a IMF Working Paper  |v WP/99/141 
610 2 0 |a kurz devízový 
610 2 0 |a kurz výmenný 
610 2 0 |a miera úroková 
610 2 0 |a modely 
610 2 0 |a Medzinárodný menový fond 
100 1 |a Nadal-De Simone, Francisco 
700 1 |a Razzak, W.A.